Artículos completos

Sparad:
Bibliografiska uppgifter
Huvudupphovsman: Larra, Mariano José de
Materialtyp: Bok
Språk:Undetermined
Publicerad: Madrid, España Editorial Aguilar 1961
Upplaga:3
Ämnen:
Taggar: Lägg till en tagg
Inga taggar, Lägg till första taggen!

MARC

LEADER 00000nam a2200000Ia 4500
008 170316s9999 xx 000 0 und d
040 |a cru BVZT 
090 |a 862 L-8ac 
100 |a Larra, Mariano José de 
245 |a Artículos completos 
250 |a 3 
260 |a Madrid, España 
260 |b Editorial Aguilar 
260 |c 1961 
300 |a 1479 páginas 
650 |a LITERATURA ESPAÑOLA 
999 |c 10092  |d 10092 
942 |c 15 D  |h 862 L-8ac  |2 z